| Tag |
First Indicator |
Second Indicator |
Subfields |
| LEADER |
00000cam a2200000 a 4500 |
| 001 |
in00000013456 |
| 005 |
20151007052456.0 |
| 008 |
870728s1987 dcua b f10000 eng |
| 010 |
|
|
|a 87022862
|
| 020 |
|
|
|a 030904460X (pbk.)
|
| 035 |
|
|
|a (OCoLC)16579856
|
| 035 |
|
|
|9 AAA7944AM
|
| 040 |
|
|
|a DLC
|c DLC
|d TXA
|d UtOrBLW
|
| 049 |
|
|
|a TXAM
|c [A11049129]
|
| 050 |
0 |
0 |
|a TE7
|b .H5 no. 1110
|a TE278
|
| 082 |
0 |
|
|a 380.5 s
|a 625.8/4
|2 19
|
| 245 |
0 |
0 |
|a Concrete and concrete construction.
|
| 264 |
|
1 |
|a Washington, D.C. :
|b Transportation Research Board, National Research Council,
|c 1987.
|
| 300 |
|
|
|a 137 pages :
|b illustrations ;
|c 28 cm.
|
| 336 |
|
|
|a text
|b txt
|2 rdacontent
|
| 337 |
|
|
|a unmediated
|b n
|2 rdamedia
|
| 338 |
|
|
|a volume
|b nc
|2 rdacarrier
|
| 490 |
1 |
|
|a Transportation research record ;
|v no. 1110
|
| 500 |
|
|
|a Reports prepared for the 66th Annual Meeting of the Transportation Research Board.
|
| 504 |
|
|
|a Includes bibliographies.
|
| 650 |
|
0 |
|a Pavements, Concrete
|x Congresses.
|
| 650 |
|
0 |
|a Concrete
|v Congresses.
|
| 710 |
2 |
|
|a National Research Council (U.S.).
|b Transportation Research Board.
|b Annual Meeting
|n (66th :
|d 1987 :
|c Washington, D.C.)
|
| 830 |
|
0 |
|a Transportation research record ;
|v no. 1110.
|
| 999 |
|
|
|a MARS
|
| 999 |
f |
f |
|s 21a0e725-11d8-3b14-9feb-cc831efd5919
|i 2be9a3d2-bdc0-3810-b861-3b91cf5815a3
|t 0
|
| 952 |
f |
f |
|p default
|a Texas A&M University
|b College Station
|c Sterling C. Evans Library
|d Evans: Microforms (3rd floor)
|t 0
|e fiche S 745 no.1110
|h Other scheme
|i unmediated -- volume
|
| 952 |
f |
f |
|p ric
|a Texas A&M University
|b Rellis Campus
|c Joint Library Facility
|d Remote Storage
|t 0
|e TE7 .H5 no.1110
|h Library of Congress classification
|i unmediated -- volume
|m A14825281686
|
| 998 |
f |
f |
|a TE7 .H5 no.1110
|t 0
|l Remote Storage
|
| 998 |
f |
f |
|a fiche S 745 no.1110
|t 0
|l Evans: Microforms (3rd floor)
|